000 00781nam a2200253Ia 4500
003 OSt
005 20220923222752.0
006 a|||||r|||| 00| 0
007 ta
008 220922b |||||||| |||| 00| 0 hin d
024 _a207,656
037 _cTextual
040 _aARTS
_cARTS
_bhin
041 _2hin
_ahin
082 _aO152,3N444x, M7
100 _aमुदगल, चित्रा
_9156318
245 0 _aइस हमाम में
246 _aIs hamām mean
260 _aदिल्ली
_b प्रभात प्रका0
_c1987
300 _a164पृ.
_ccm.
650 _aहिन्दी साहित्य
_9156264
942 _hO152,3N444x, M7
_cTEXL
_2CC
999 _c358273
_d358273